| 000 | 00759cam a22002533a 4500 | ||
|---|---|---|---|
| 001 | 28027 | ||
| 003 | PGUSA | ||
| 005 | 20140828083615.0 | ||
| 008 | 090208s2009||||xxu|||||s|||||000 1 eng d | ||
| 040 |
_aPGUSA _beng |
||
| 042 | _adc | ||
| 050 | 4 | _aPS | |
| 100 | 1 |
_aPaine, Albert Bigelow, _d1861-1937 |
|
| 245 | 1 | 0 |
_aDwellers in Arcady : _bThe Story of an Abandoned Farm _h[electronic resource] / _cAlbert Bigelow Paine |
| 260 |
_bProject Gutenberg, _c2009 |
||
| 506 | _aPublic domain in the USA. | ||
| 516 | _aElectronic text | ||
| 653 | _aFarm life -- Fiction | ||
| 653 | _aAbandoned farms -- Fiction | ||
| 700 | 1 |
_aFogarty, Thomas, _d1873-1938 |
|
| 830 | 0 |
_aProject Gutenberg _v28027 |
|
| 856 | 4 | 0 | _uhttp://www.gutenberg.org/ebooks/28027 |
| 942 | _cEB | ||
| 999 |
_c257282 _d257282 |
||